Loading...
| Philosophy | 2 | 4 | 0 | 1 | 70 | 51 | 93.33 | 0 | 4 | 0.00 | 0.00 |
| Science - Other | 1 | 4 | 1 | 0 | 50 | 53 | 86.80 | 1 | 2 | 0.00 | 0.00 |
| Social Science | 1 | 3 | 0 | 0 | 45 | 58 | 118.75 | 1 | 2 | 0.00 | 0.00 |
| Science - Physics | 2 | 2 | 1 | 1 | 45 | 52 | 96.50 | 0 | 2 | 0.00 | 0.00 |
| Fine Arts - Classical Music and Opera | 0 | 5 | 2 | 2 | 40 | 99 | 139.20 | 0 | 2 | 0.00 | 0.00 |
| Literature - World | 0 | 2 | 0 | 0 | 20 | 109 | 116.00 | 0 | 1 | 0.00 | 0.00 |
| Science - Biology | 0 | 2 | 0 | 0 | 20 | 124 | 130.00 | 0 | 0 | 0.00 | 0.00 |
| Modern World | 0 | 2 | 0 | 0 | 20 | 95 | 96.00 | 0 | 0 | 0.00 | 0.00 |
| Fine Arts - Other | 0 | 2 | 1 | 1 | 15 | 130 | 139.50 | 0 | 1 | 0.00 | 0.00 |
| History - US | 0 | 1 | 0 | 1 | 10 | 144 | 144.00 | 0 | 0 | 0.00 | 0.00 |
| Literature - American | 0 | 1 | 0 | 0 | 10 | 123 | 123.00 | 0 | 1 | 0.00 | 0.00 |
| History - World | 0 | 1 | 0 | 0 | 10 | 88 | 88.00 | 0 | 1 | 0.00 | 0.00 |
| Fine Arts - Visual | 0 | 1 | 0 | 0 | 10 | 108 | 108.00 | 0 | 0 | 0.00 | 0.00 |
| Science - Chemistry | 0 | 1 | 1 | 0 | 5 | 102 | 102.00 | 1 | 1 | 0.00 | 0.00 |
| History - European | 0 | 0 | 1 | 0 | -5 | 0.00 | 0 | 0 | 0.00 | 0.00 | |
| Other Academic | 0 | 0 | 1 | 0 | -5 | 0.00 | 0 | 0 | 0.00 | 0.00 |